00789 a2200385 4500000002100000001000700021005001700028008004100045010000500086020000500091082002300096100001900119110000500138245008900143250000500232260004100237300001000278490000700288500000500295600000500300610000500305611000500310630000500315650000500320651000500325654000500330700002500335710000900360711000500369720000500374730000500379740000500384752000500389856000900394BKB 07029120200902150813.0  a a a332.17880954bC44F1 aChinnammai, S. a1 aFinancial reforms and new development in bankscby S. Chinnammai and R. Kanaka Sudha a aNew DelhibSerials Publicationc2010 a185p. av a a a a a a a a aSudha, R. kanakabc abc a a a a a adf